Estadísticas para Jugadores con más partidos y goles en el Atlético de Madrid

Haz click aquí para intentar la prueba.

Estadísticas generales

  • Esta prueba ha sido intentada 49 veces
  • La puntuación promedio es 12 de 30

Estadísticas de respuestas

HintRespuesta% Correcto
620Koke
98%
377Griezmann
90%
175Griezmann
90%
172Luis Aragonés
88%
368Luis Aragonés
88%
389Godín
83%
129Fernando Torres
81%
404Fernando Torres
81%
429Oblak
76%
417Gabi
67%
413Saúl
67%
96Forlán
62%
101Agüero
45%
405Correa
36%
553Adelardo
26%
112Adelardo
26%
134Gárate
24%
169Escudero
14%
455Aguilera
10%
105Collar
10%
468Collar
10%
94Manolo
10%
421Arteche
7%
128Peiró
7%
425Calleja
5%
483Tomás
5%
154Campos
2%
110Elícegui
0%
103Juncosa
0%
97Rubén Cano
0%

Distribución de puntuación

Porcentaje por número respondido

Porcentaje de gente con cada puntuación

Historial de tus puntuaciones

No has intentado esta prueba.